000 00575nam a2200193Ia 4500
999 _c5383
_d5383
003 OSt
005 20210121103137.0
008 190216s9999||||xx |||||||||||||| ||und||
020 _a0876924283
040 _coclc
082 _a658.5
_bMCC/O
100 _aMcclain, John O
_98313
245 0 _aOperations Management:
_bProduction Of Goods And Serives /
_cJohn O Mcclain
250 _a2nd Ed.
260 _bPrentice Hall Of India,
_c1987.
_aNew Delhi:
300 _a700p
650 _aOperation Research
942 _cBK
_2ddc
_h658.5
_iMCC/O
_k658.5
_mMCC/O